| 000 | 00971cam a22002651 4500 | ||
|---|---|---|---|
| 001 | ne 66000824 | ||
| 003 | DLC | ||
| 005 | 20260227111822.0 | ||
| 008 | 891024s1965 ua 000 0 ara | ||
| 010 | _ane 66000824 | ||
| 025 | _aPL480:UAR-6925 | ||
| 035 | _a(OCoLC)20541083 | ||
| 040 |
_aDLC _cWaU _dWaU _dDLC |
||
| 042 | _apremarc | ||
| 050 | 0 | 0 |
_aPJ7645.H8 _bD52 |
| 245 | 0 | 0 | _aDīwān al-Hudhalīyīn. |
| 260 |
_aal-Qāhirah, _bal-Dār al-Qawmīyah lil-Ṭibāʻah wa-al-Nashr, _c1965. |
||
| 300 |
_a7, 242, 268, 137 p. _c27 cm. |
||
| 490 | 0 |
_aMaktabah al-ʻArabīyah, _v29. _aTaḥqīq al-turāth al-ʻArabī, _v12. _aal-Adab, _v19 |
|
| 500 | _aAt head of title: al-Jumhūrīyah al-ʻArabīyah al-Muttaḥidah. al-Thaqāfah wa-al-Irshād al-Qawmī. | ||
| 500 | _a"Nuskhah muṣawwarah ʻan ṭabʻat Dār al-Kutub fī al-sanawāt 64-67-1369 h--45-48-1950 m." | ||
| 650 | 0 | _aArabic poetry. | |
| 650 | 0 | _aHudhayl (Arab tribe) | |
| 740 | 0 | _aHudhalīyīn, Dīwān. | |
| 999 |
_c48850 _d48850 |
||